000 01393nam a2200193 i 4500
001 167014
003 ES-MaACL
005 20230906213437.0
008 000717m18461857it ac |||| | ita d
040 _aCCPB | B
_bspa
_cCCPB | B
100 1 _aVasari, Giorgio (
_d1511-1574)
_9113257
245 1 3 _aLe vite de più eccellenti pittori, scultori e architetti, di Giorgio Vasari /
_cpubblicate per cura di una Società di amatori delle Arti belle.
260 _aFirenze :
_bFelice le Monnier,
_c1846-1857.
300 _a14 v. (XXXVII, 351 p., [8] h. de grab. ; [4], 263 p., [19] h. de grab. ; [4], 295 p., [14] h. de grab. ; 298 p., [13] h. de grab. ; [4], 351 p., [4] h. de grab. ; [6], 249 p., [8] h. de grab. ; [4], IV, 307 p., [14] h. de grab. ; [4], 299 p., [17] h. de grab. ; [4], 355 p., [8] h. de grab. ; [4], 343 p., [11] h. de grab. ; [4], 411 p., [6] h. de grab. ; [6], 357 p., [3] h. de grab. ; XLII, 307 p.) :
_bil. ;
_c18 cm.
599 _aLas h. de grab. son litogr., retratos de los biografiados.
599 _aIlustraciones litogr.
650 4 _aArtistas-
_xBiografías.
_9135632
852 _aES-MaACL
_jF-12207-20
_z-- Enc. hol.
_x-- Edic.: 14 v. -- 1846-1870 -- El t.XIV fechado en 1870, siendo el ed. Successori Le Monnier -- En la descripción se han saltado la secuencia de pag. del t.IV (253 p., [17] h. de lám.)-- En antep. consta la serie: (Raccolta artistica; 2-15)
999 _c167014
_d167014